| 000 | 01075cac a22002651u 4500 | ||
|---|---|---|---|
| 008 | 081214t2005 xxu||||| |||| 00| 0 eng d | ||
| 010 | _a 2003064990 | ||
| 020 | _a9780131579866 | ||
| 020 | _a013157986x | ||
| 082 | 0 | 0 |
_a004.21 _bKEN _222 |
| 100 |
_aKendall, Kenneth E., _94590 |
||
| 245 | 1 | 0 |
_aSystems analysis and design / _cKenneth E. Kendall, Julie E. Kendall. |
| 250 |
_a7th ed. _bInternational ed. |
||
| 260 |
_aUpper Saddle River, NJ : _bPearson/Prentice Hall, _cc.2006. |
||
| 300 |
_axxvi, 774 p. : _bcol. ill. ; _c28 cm. |
||
| 500 | _aIncludes Index. | ||
| 500 | _aPrevious ed.: 1999. | ||
| 504 | _aIncludes bibliographical references and index. | ||
| 650 | 0 |
_aSystem design. _94591 |
|
| 650 | 0 |
_aSystem analysis. _94592 |
|
| 650 | 0 |
_aSystems programming (Computer science) _94593 |
|
| 700 | 1 |
_aKendall, Julie E., _d1952- _94594 |
|
| 942 |
_cBB _k004.21KEN _2ddc |
||
| 999 |
_c11498 _d11498 |
||